000 00331nam a2200109Ia 4500
008 160531s9999 xx 000 0 und d
100 _aMcLean, Scott.
245 _aBusiness English for Success
245 _cby Scott McLean
260 _c2011
856 _uhttp://www.saylor.org/site/textbooks/Business%20English%20for%20Success.pdf
999 _c295103
_d295103